000 00584nam a2200217 4500
003 OSt
005 20251106090248.0
006 a
008 240606b |||||||| |||| 00| 0 eng d
020 _a9716857337
040 _aDWCL-Main lib.
_cOC
082 _aFil. 574 M829f
100 _aMorano, Lourdes N.
245 _aFundamentals of biology 1 /
260 _aQuezon City :
_bLorimar Pub.,
_cc2011.
300 _b349 p. : ill. ;
_c25 cm.
504 _aIncludes bibliographical references.
650 _a1. Biology
700 _aLourdes N. Morano
942 _2ddc
_n0
_cBK - FIL
_kFil.
999 _c311
_d311